| 000 | 00950nam a2200265 i 4500 | ||
|---|---|---|---|
| 001 | 114949 | ||
| 003 | ES-MaACL | ||
| 005 | 20260315204631.0 | ||
| 007 | t| | ||
| 008 | 070213s1930 sp ||||1| spa d | ||
| 080 | _a86-221"19" | ||
| 100 | 1 |
_aArmont, Paul. _922996 |
|
| 245 | 1 | 3 |
_aLa aventura de Irene _b: comedia en tres actos y seis cuadros / _coriginal de Armont y Gerbidon ; en colaboración con José Juan Cadenas y Enrique F. Gutierrez-Roig ; dibujos de Alonso. |
| 260 |
_aMadrid : _bRivadeneyra, _c1930. |
||
| 300 |
_a63 p. : _bil. ; _c17 cm. |
||
| 490 | 1 |
_aLa Farsa ; _v125 |
|
| 500 | _aEstrenada en el teatro Fontalba, de Madrid, el día 17 de Enero. | ||
| 700 | 1 |
_aGerbidon, Marcel. _956430 |
|
| 700 | 1 |
_aCadenas, José Juan. _933383 |
|
| 700 | 1 |
_aGutiérrez-Roig, Enrique F. _961218 |
|
| 700 | 0 |
_aAlonso _c(ilustrador) _920301 |
|
| 830 | 0 |
_aLa Farsa ; _v125 _9185863 |
|
| 852 |
_aES-MaACL _jC-13202 |
||
| 999 |
_c114949 _d114949 |
||